| 000 | 00407nam a2200169Ia 4500 | ||
|---|---|---|---|
| 008 | 190425s9999 xx 000 0 und d | ||
| 100 | _aSarian, Zac B. | ||
| 245 | _aBrown rice has many advantages/ | ||
| 245 | _cZac B. Sarian | ||
| 260 | _bManila Bulletin | ||
| 260 | _c2018 | ||
| 300 | _aSeptember 20 | ||
| 440 | _aManila Bulletin | ||
| 650 | _aagriculture | ||
| 650 | _afarmers | ||
| 650 | _arice | ||
| 999 |
_c361650 _d361650 |
||